Normal view
MARC view
- Pascoe, K.J
Entry Personal Name
001 - CONTROL NUMBER
- control field: 40757
003 - CONTROL NUMBER IDENTIFIER
- control field: NUST
005 - DATE AND TIME OF LATEST TRANSACTION
- control field: 20210314131854.0
008 - FIXED-LENGTH DATA ELEMENTS
- fixed length control field: 210314|| aca||aabn | a|a d
040 ## - CATALOGING SOURCE
- Original cataloging agency: NUST
- Transcribing agency: NUST
100 ## - HEADING--PERSONAL NAME
- Personal name: Pascoe, K.J
670 ## - SOURCE DATA FOUND
- Source citation: Work cat.: (NUST): Pascoe, K.J, An introduction to the properties of engineering materials, 1961
